Risk management and insurance (Record no. 53)
[ view plain ]
| 000 -LEADER | |
|---|---|
| fixed length control field | 00750nam a2200229Ia 4500 |
| 003 - CONTROL NUMBER IDENTIFIER | |
| control field | OSt |
| 005 - DATE AND TIME OF LATEST TRANSACTION | |
| control field | 20240814101737.0 |
| 008 - FIXED-LENGTH DATA ELEMENTS--GENERAL INFORMATION | |
| fixed length control field | 221012s9999||||xx |||||||||||||| ||und|| |
| 020 ## - INTERNATIONAL STANDARD BOOK NUMBER | |
| International Standard Book Number | 0-324-18320-8 |
| 040 ## - CATALOGING SOURCE | |
| Transcribing agency | Chuka University Library |
| 050 ## - LIBRARY OF CONGRESS CALL NUMBER | |
| Classification number | HG 8051 |
| Item number | .T73 2005 |
| 100 ## - MAIN ENTRY--PERSONAL NAME | |
| Personal name | Trieschmann, James S., Robert E. Hoyt and David W. Sommer |
| 9 (RLIN) | 100 |
| 245 #0 - TITLE STATEMENT | |
| Title | Risk management and insurance |
| Statement of responsibility, etc. | James S. Trieschmann, David W. Sommer, Robert E. Hoyt |
| 250 ## - EDITION STATEMENT | |
| Edition statement | 12th edition |
| 260 ## - PUBLICATION, DISTRIBUTION, ETC. | |
| Place of publication, distribution, etc. | Sydney: |
| Name of publisher, distributor, etc. | Thomson/South-Western, |
| Date of publication, distribution, etc. | 2005. |
| 300 ## - PHYSICAL DESCRIPTION | |
| Extent | Various pagings |
| 650 ## - SUBJECT ADDED ENTRY--TOPICAL TERM | |
| Topical term or geographic name entry element | Insurance |
| 9 (RLIN) | 101 |
| Geographic subdivision | United States |
| 650 ## - SUBJECT ADDED ENTRY--TOPICAL TERM | |
| Topical term or geographic name entry element | Risk management |
| Geographic subdivision | United States |
| 9 (RLIN) | 1376 |
| 700 ## - ADDED ENTRY--PERSONAL NAME | |
| Personal name | Sommer, David W. |
| 9 (RLIN) | 1377 |
| 700 ## - ADDED ENTRY--PERSONAL NAME | |
| Personal name | Hoyt, Robert E. |
| 9 (RLIN) | 1378 |
| 942 ## - ADDED ENTRY ELEMENTS (KOHA) | |
| Koha item type | Long Loan Books |
| Source of classification or shelving scheme | Library of Congress Classification |
| Withdrawn status | Lost status | Source of classification or shelving scheme | Damaged status | Not for loan | Collection | Home library | Current library | Shelving location | Date acquired | Total Checkouts | Full call number | Barcode | Date last seen | Copy number | Price effective from | Koha item type |
|---|---|---|---|---|---|---|---|---|---|---|---|---|---|---|---|---|
| Library of Congress Classification | General Collection Books | Main Campus Library | Main Campus Library | Business Studies Library | 12/10/2022 | HG 8051 .T73 2005 | 5439/2009 | 14/08/2024 | 5 | 12/10/2022 | Long Loan Books |
